[Event "SWE Cup"]
[Site "Sweden"]
[Date "2017.03.25"]
[Round "8.3"]
[White "Lindahl, Emil"]
[Black "Lissang, Christopher"]
[Result "1/2-1/2"]
[WhiteElo "2180"]
[BlackElo "2327"]
[PlyCount "32"]
[EventDate "2017.01.14"]
[EventType "team-tourn"]
[EventRounds "9"]
[EventCountry "SWE"]
[SourceTitle "EXT 2018"]
[Source "ChessBase"]
[SourceDate "2017.10.13"]
[SourceVersion "1"]
[SourceVersionDate "2017.10.13"]
[SourceQuality "1"]
[WhiteTeam "Vaxjo"]
[BlackTeam "Stockholm CC"]
[WhiteTeamCountry "SWE"]
[BlackTeamCountry "SWE"]

1. d4 Nf6 2. c4 e6 3. Nf3 Bb4+ 4. Bd2 c5 5. Bxb4 cxb4 6. g3 Nc6 7. Bg2 0-0 8. 0-0 d6 9. a3 bxa3 10. Rxa3 e5 11. dxe5 dxe5 12. Nc3 Be6 13. Qa4 Nd7 14. Rd1 f5 15. Nd5 Rc8 16. Rda1 e4 1/2-1/2

[Event "SWE Cup"]
[Site "Sweden"]
[Date "2017.03.24"]
[Round "7.1"]
[White "Bengts, Torleif"]
[Black "Lindahl, Emil"]
[Result "1/2-1/2"]
[WhiteElo "2097"]
[BlackElo "2180"]
[PlyCount "49"]
[EventDate "2017.01.14"]
[EventType "team-tourn"]
[EventRounds "9"]
[EventCountry "SWE"]
[SourceTitle "EXT 2018"]
[Source "ChessBase"]
[SourceDate "2017.10.13"]
[SourceVersion "1"]
[SourceVersionDate "2017.10.13"]
[SourceQuality "1"]
[WhiteTeam "Horndal"]
[BlackTeam "Vaxjo"]
[WhiteTeamCountry "SWE"]
[BlackTeamCountry "SWE"]

1. e4 c5 2. c3 d5 3. exd5 Qxd5 4. d4 Nf6 5. Nf3 Bg4 6. Be2 e6 7. h3 Bh5 8. 0-0 Be7 9. Be3 cxd4 10. Nxd4 Bxe2 11. Qxe2 Nc6 12. Rd1 0-0 13. c4 Nxd4 14. Bxd4 Qc6 15. Nc3 Rfd8 16. b3 Rd7 17. Rd3 Rad8 18. Rad1 a6 19. Qe3 b5 20. cxb5 axb5 21. Be5 b4 22. Bxf6 Rxd3 23. Rxd3 Rxd3 24. Qxd3 Bxf6 25. Ne4 1/2-1/2

[Event "Vaxjo op"]
[Site "Vaxjo"]
[Date "2017.02.11"]
[Round "6"]
[White "Lindahl, Emil"]
[Black "Svensson, Soren"]
[Result "1-0"]
[WhiteElo "2180"]
[BlackElo "1984"]
[PlyCount "79"]
[EventDate "2017.02.10"]
[EventType "swiss"]
[EventRounds "8"]
[EventCountry "SWE"]
[SourceTitle "CBM 176 Extra"]
[Source "ChessBase"]
[SourceDate "2017.03.02"]
[SourceVersion "1"]
[SourceVersionDate "2017.03.02"]
[SourceQuality "1"]

1. d4 Nf6 2. Bg5 d5 3. Nd2 e6 4. e3 Be7 5. Bd3 0-0 6. f4 b6 7. c3 Bb7 8. Qf3 Nbd7 9. Nh3 c5 10. Nf2 a6 11. g4 Ne8 12. Qh3 g6 13. Bh6 Ng7 14. g5 Re8 15. Bxg7 Kxg7 16. Nf3 Rh8 17. Qg4 Bc8 18. Qg2 b5 19. h4 c4 20. Bc2 b4 21. h5 Rb8 22. hxg6 hxg6 23. Rxh8 Qxh8 24. Kd2 bxc3+ 25. bxc3 Rb2 26. Rh1 Qg8 27. Rh2 Rxa2 28. Qh1 Rb2 29. Ng4 f5 30. Nh6 Qf8 31. Nxf5+ exf5 32. Rh7+ Kg8 33. Rh8+ Kf7 34. Rxf8+ Nxf8 35. Ne5+ Ke8 36. Qxd5 Bb7 37. Qxc4 Be4 38. Nd3 Rb6 39. Qc7 Rc6 40. Ba4 1-0

[Event "Vaxjo Visma IM-B"]
[Site "Vaxjo"]
[Date "2016.07.01"]
[Round "5"]
[White "Lindahl, Emil"]
[Black "Olofsson Dolk, Mattis"]
[Result "1/2-1/2"]
[WhiteElo "2215"]
[BlackElo "2248"]
[PlyCount "74"]
[EventDate "2016.06.29"]
[EventType "tourn"]
[EventRounds "9"]
[EventCountry "SWE"]
[EventCategory "4"]
[SourceTitle "EXT 2017"]
[Source "ChessBase"]
[SourceDate "2016.10.25"]
[SourceVersion "1"]
[SourceVersionDate "2016.10.25"]
[SourceQuality "1"]

1. d4 Nf6 2. c4 g6 3. Nc3 d5 4. cxd5 Nxd5 5. e4 Nxc3 6. bxc3 Bg7 7. Be3 c5 8. Nf3 Qa5 9. Qd2 0-0 10. Rb1 a6 11. Rc1 Rd8 12. d5 e6 13. Be2 exd5 14. exd5 Bg4 15. Bg5 Re8 16. 0-0 Nd7 17. Rfd1 Rac8 18. h3 Bxf3 19. Bxf3 Ne5 20. Be2 h6 21. Bh4 Qa4 22. Bg3 Rcd8 23. Qc2 Qa5 24. f4 Nd7 25. Bf3 Re3 26. Qd2 Rde8 27. Re1 Rxe1+ 28. Rxe1 Rxe1+ 29. Bxe1 Bf8 30. Qe2 Qc7 31. Qe8 Nf6 32. Qe5 Qd6 33. g3 Nd7 34. Qe8 Nf6 35. Qe5 Nd7 36. Qe8 Nf6 37. Qe5 Nd7 1/2-1/2

[Event "Vaxjo Visma IM-B"]
[Site "Vaxjo"]
[Date "2016.06.30"]
[Round "3"]
[White "Lindahl, Emil"]
[Black "Shkuran, Danylo"]
[Result "1/2-1/2"]
[WhiteElo "2215"]
[BlackElo "2420"]
[PlyCount "115"]
[EventDate "2016.06.29"]
[EventType "tourn"]
[EventRounds "9"]
[EventCountry "SWE"]
[EventCategory "4"]
[SourceTitle "EXT 2017"]
[Source "ChessBase"]
[SourceDate "2016.10.25"]
[SourceVersion "1"]
[SourceVersionDate "2016.10.25"]
[SourceQuality "1"]

1. d4 Nf6 2. Bg5 e6 3. Nd2 d5 4. e3 c5 5. c3 Nbd7 6. f4 Qb6 7. Qc2 Ng4 8. Ke2 Qc7 9. h3 Ngf6 10. Rc1 h6 11. Bxf6 Nxf6 12. Ngf3 g5 13. g3 Rg8 14. Kf2 Bd7 15. Ne5 h5 16. h4 gxf4 17. gxf4 Ng4+ 18. Nxg4 hxg4 19. Kg3 0-0-0 20. Bg2 Bd6 21. c4 cxd4 22. cxd5 Kb8 23. Qb3 Qb6 24. Qxb6 axb6 25. Ne4 Bc5 26. Nxc5 bxc5 27. Rxc5 dxe3 28. Re1 exd5 29. Bxd5 Rge8 30. Bxf7 Re7 31. Bc4 Rf8 32. Be2 Re4 33. Bxg4 Bxg4 34. Kxg4 Rfxf4+ 35. Kg3 Rf8 36. Re2 Rf1 37. Rc3 Rff4 38. Rcxe3 Rg4+ 39. Kf2 Ref4+ 40. Rf3 Rxf3+ 41. Kxf3 Rxh4 42. Rc2 Rh3+ 43. Ke4 Ka7 44. Kd4 Rg3 45. Kc4 Rg5 46. a4 b5+ 47. axb5 Kb6 48. b4 Rxb5 49. Rf2 Rh5 50. Rf6+ Kb7 51. b5 Rh1 52. Rf3 Kb6 53. Rf6+ Kb7 54. Rg6 Rc1+ 55. Kb4 Rb1+ 56. Kc4 Rc1+ 57. Kb4 Rb1+ 58. Kc4 1/2-1/2

[Event "Vaxjo op"]
[Site "Vaxjo"]
[Date "2016.02.19"]
[Round "3"]
[White "Helin, Mikael"]
[Black "Lindahl, Emil"]
[Result "0-1"]
[WhiteElo "1884"]
[BlackElo "2229"]
[PlyCount "60"]
[EventDate "2016.02.19"]
[EventType "swiss"]
[EventRounds "8"]
[EventCountry "SWE"]
[SourceTitle "CBM 170 Extra"]
[Source "ChessBase"]
[SourceDate "2016.02.25"]
[SourceVersion "1"]
[SourceVersionDate "2016.02.25"]
[SourceQuality "1"]

1. e4 c5 2. a3 d5 3. exd5 Qxd5 4. Nc3 Qd8 5. b4 Nc6 6. bxc5 e5 7. Nf3 Bxc5 8. Ne4 Be7 9. Bc4 Nf6 10. Nxf6+ Bxf6 11. h4 e4 12. Ng5 Bxg5 13. hxg5 Qd4 14. Bxf7+ Kxf7 15. c3 Qc4 16. g6+ Kg8 17. Rxh7 Rxh7 18. gxh7+ Kh8 19. Qh5 Be6 20. Rb1 b6 21. Rb5 Nd4 22. Rg5 Bf7 23. Qg4 Ne6 24. Rf5 Rf8 25. Bb2 Nc5 26. d4 Nd3+ 27. Kd2 Nxb2 28. Qxe4 Qb3 29. Qc2 Qxc2+ 30. Kxc2 Bg6 0-1

[Event "Vaxjo op"]
[Site "Vaxjo"]
[Date "2016.02.19"]
[Round "4"]
[White "Lindahl, Emil"]
[Black "Lindberg, Bengt"]
[Result "0-1"]
[WhiteElo "2229"]
[BlackElo "2383"]
[PlyCount "54"]
[EventDate "2016.02.19"]
[EventType "swiss"]
[EventRounds "8"]
[EventCountry "SWE"]
[SourceTitle "CBM 170 Extra"]
[Source "ChessBase"]
[SourceDate "2016.02.25"]
[SourceVersion "1"]
[SourceVersionDate "2016.02.25"]
[SourceQuality "1"]

1. d4 Nf6 2. Bg5 e6 3. e3 b6 4. c4 Bb4+ 5. Nd2 Bb7 6. Ngf3 h6 7. Bxf6 Qxf6 8. Bd3 Bxd2+ 9. Kxd2 c5 10. Kc3 0-0 11. Ne5 cxd4+ 12. exd4 Rc8 13. Qh5 Nc6 14. Nxc6 Rxc6 15. f4 d5 16. Qe5 Qd8 17. b3 Rac8 18. Kb2 dxc4 19. Bxc4 b5 20. Bd3 Qa5 21. Qe2 Qc3+ 22. Kb1 Qxd4 23. Rd1 Qxf4 24. Kb2 Rc3 25. Qd2 Qe5 26. Kb1 Rxd3 27. Qxd3 Be4 0-1

[Event "SWE-chT 1516 Superettan"]
[Site "Sweden"]
[Date "2016.01.16"]
[Round "4"]
[White "Lindahl, Emil"]
[Black "Ziegler, Ari"]
[Result "0-1"]
[WhiteElo "2182"]
[BlackElo "2306"]
[PlyCount "74"]
[EventDate "2015.11.06"]
[EventType "team-tourn"]
[EventRounds "9"]
[EventCountry "SWE"]
[SourceTitle "EXT 2018"]
[Source "ChessBase"]
[SourceDate "2017.10.13"]
[SourceVersion "1"]
[SourceVersionDate "2017.10.13"]
[SourceQuality "1"]
[WhiteTeam "Vaxjo"]
[BlackTeam "Orgryte"]
[WhiteTeamCountry "SWE"]
[BlackTeamCountry "SWE"]

1. d4 Nf6 2. c4 g6 3. Nc3 Bg7 4. g3 0-0 5. Bg2 d6 6. Nf3 Nc6 7. 0-0 a6 8. e4 Bg4 9. Be3 Nd7 10. h3 Bxf3 11. Bxf3 e5 12. dxe5 dxe5 13. Ne2 Re8 14. Qd2 Nf8 15. Rad1 Ne6 16. Bg2 Bf8 17. Qc3 Qe7 18. f4 Rad8 19. fxe5 Bg7 20. Nf4 Bxe5 21. Qc2 Ncd4 22. Qf2 c6 23. b3 b5 24. Nd5 cxd5 25. cxd5 Bxg3 26. Qb2 Bb8 27. dxe6 Nxe6 28. Rxd8 Rxd8 29. Qf2 Be5 30. Bf3 Rd3 31. Kg2 Nf4+ 32. Bxf4 Bxf4 33. Re1 Qg5+ 34. Kh1 Bg3 35. Qg2 Rxf3 36. Qxf3 Bxe1 37. Qd1 Qe3 0-1

[Event "SWE-chT 1516 Superettan"]
[Site "Sweden"]
[Date "2015.11.08"]
[Round "3"]
[White "Lindahl, Emil"]
[Black "Kimari, Patrik"]
[Result "1/2-1/2"]
[WhiteElo "2182"]
[BlackElo "2093"]
[PlyCount "78"]
[EventDate "2015.11.06"]
[EventType "team-tourn"]
[EventRounds "9"]
[EventCountry "SWE"]
[SourceTitle "EXT 2018"]
[Source "ChessBase"]
[SourceDate "2017.10.13"]
[SourceVersion "1"]
[SourceVersionDate "2017.10.13"]
[SourceQuality "1"]
[WhiteTeam "Vaxjo"]
[BlackTeam "Vasteras II"]
[WhiteTeamCountry "SWE"]
[BlackTeamCountry "SWE"]

1. d4 Nf6 2. Bg5 Ne4 3. Bf4 d5 4. e3 Nd7 5. Bd3 Nd6 6. Nd2 e6 7. Ngf3 Be7 8. 0-0 0-0 9. Qe2 c5 10. c3 f5 11. h3 Ne4 12. Bh2 Bd6 13. Bxd6 Nxd6 14. c4 b6 15. Rac1 Bb7 16. Rfd1 Qf6 17. cxd5 exd5 18. b3 Rae8 19. Bb5 Nxb5 20. Qxb5 Bc6 21. Qa6 g5 22. dxc5 Nxc5 23. Qxa7 Nd3 24. Rc2 Nb4 25. Rcc1 Nd3 26. Rc2 Ba8 27. Nf1 Nb4 28. Rc7 f4 29. exf4 gxf4 30. N1h2 d4 31. Ng4 Qg6 32. Nh4 Qg5 33. Rxh7 Nc6 34. Qc7 Rc8 35. Qd7 Rcd8 36. Qc7 Rc8 37. Qd7 Rcd8 38. Qc7 Rc8 39. Qd7 Rcd8 1/2-1/2

[Event "Deltalift op"]
[Site "Tylosand"]
[Date "2015.05.15"]
[Round "5"]
[White "Ziegler, Ari"]
[Black "Lindahl, Emil"]
[Result "0-1"]
[WhiteElo "2305"]
[BlackElo "2171"]
[PlyCount "80"]
[EventDate "2015.05.14"]
[EventType "swiss"]
[EventRounds "8"]
[EventCountry "SWE"]
[SourceTitle "CBM 166 Extra"]
[Source "ChessBase"]
[SourceDate "2015.06.18"]
[SourceVersion "1"]
[SourceVersionDate "2015.06.18"]
[SourceQuality "1"]

1. e4 c5 2. Nf3 e6 3. d4 cxd4 4. Nxd4 a6 5. g3 Nf6 6. Bg2 Qc7 7. 0-0 Nc6 8. Nc3 Nxd4 9. Qxd4 Bc5 10. Qd3 0-0 11. Bf4 d6 12. Na4 e5 13. Bg5 Bd4 14. Bxf6 gxf6 15. c3 Ba7 16. c4 Be6 17. Rac1 Rac8 18. Qf3 Qe7 19. Nc3 Bxc4 20. Nd5 Qe6 21. Rxc4 Rxc4 22. Qh5 Kg7 23. Bh3 f5 24. b3 Rc2 25. exf5 Qxd5 26. f6+ Kxf6 27. Qf5+ Kg7 28. Qxc2 e4 29. Rd1 Qe5 30. Qc4 b5 31. Qc7 Bc5 32. Bg2 Re8 33. Qc6 Re6 34. Rf1 h5 35. Kh1 h4 36. gxh4 Qf4 37. h3 Bd4 38. Qc1 Qxc1 39. Rxc1 Bxf2 40. Bf1 d5 0-1

[Event "SWE-chB"]
[Site "Vadso"]
[Date "2008.07.04"]
[Round "7"]
[White "Lindahl, Emil"]
[Black "Westerberg, Jonathan"]
[Result "1-0"]
[WhiteElo "2177"]
[BlackElo "1896"]
[PlyCount "103"]
[EventDate "2008.06.28"]
[EventType "tourn"]
[EventRounds "13"]
[EventCountry "SWE"]
[SourceTitle "CBM 125 Extra"]
[Source "ChessBase"]
[SourceDate "2008.09.01"]
[SourceVersion "1"]
[SourceVersionDate "2008.09.01"]
[SourceQuality "1"]

1. d4 e6 2. c4 f5 3. g3 Nf6 4. Bg2 Bb4+ 5. Nd2 0-0 6. Ngf3 d6 7. 0-0 Bxd2 8. Qxd2 Qe7 9. b3 e5 10. dxe5 dxe5 11. Bb2 Nc6 12. Rad1 e4 13. Nd4 Nxd4 14. Qxd4 Re8 15. f3 exf3 16. exf3 Bd7 17. f4 Bc6 18. Bxc6 bxc6 19. h3 Qe2 20. Qf2 Qh5 21. Bxf6 gxf6 22. Qf3 Qxh3 23. Rd2 Re4 24. Rh2 Qg4 25. Qxg4+ fxg4 26. Rh4 f5 27. Rh5 Rf8 28. Kf2 Rd8 29. Re1 Rd2+ 30. Kf1 Rxe1+ 31. Kxe1 Rxa2 32. Rxf5 Rb2 33. Rg5+ Kf7 34. Rxg4 h6 35. Rh4 Kg6 36. f5+ Kg5 37. f6 Rxb3 38. Rf4 Rb8 39. Kd2 Kg6 40. Kd3 Rd8+ 41. Ke4 Rf8 42. Ke5 h5 43. Ke6 Re8+ 44. Kd7 Kf7 45. Kxc6 a5 46. c5 Re3 47. Kxc7 Rxg3 48. c6 a4 49. Rxa4 Kxf6 50. Rc4 Rg4 51. Rxg4 hxg4 52. Kd6 1-0

[Event "SWE-chB"]
[Site "Vadso"]
[Date "2008.07.01"]
[Round "4"]
[White "Rouhani, Arash"]
[Black "Lindahl, Emil"]
[Result "1/2-1/2"]
[WhiteElo "1995"]
[BlackElo "2177"]
[PlyCount "65"]
[EventDate "2008.06.28"]
[EventType "tourn"]
[EventRounds "13"]
[EventCountry "SWE"]
[SourceTitle "CBM 125 Extra"]
[Source "ChessBase"]
[SourceDate "2008.09.01"]
[SourceVersion "1"]
[SourceVersionDate "2008.09.01"]
[SourceQuality "1"]

1. e4 g6 2. d4 d6 3. Nc3 Nf6 4. Nf3 Bg7 5. h3 0-0 6. Be3 a6 7. a4 b6 8. d5 c6 9. Bc4 Bb7 10. 0-0 cxd5 11. exd5 Nbd7 12. Re1 Qc7 13. Ba2 Rac8 14. Rc1 Nc5 15. Bd4 Rfe8 16. Ng5 Qd7 17. Nge4 Nfxe4 18. Bxg7 Kxg7 19. Nxe4 Qxa4 20. Nc3 Qf4 21. Ne2 Qf6 22. c3 Nd7 23. Nd4 Ne5 24. c4 Rc7 25. Re3 Rec8 26. Rec3 Kg8 27. Qd2 a5 28. f4 Nd7 29. Bb1 Ba6 30. b3 Nc5 31. f5 Nd7 32. fxg6 hxg6 33. Rf1 1/2-1/2

[Event "SWE-chB"]
[Site "Vadso"]
[Date "2008.06.28"]
[Round "1"]
[White "Lindahl, Emil"]
[Black "De Verdier, Michael Carl Adam"]
[Result "1/2-1/2"]
[WhiteElo "2177"]
[BlackElo "2225"]
[PlyCount "38"]
[EventDate "2008.06.28"]
[EventType "tourn"]
[EventRounds "13"]
[EventCountry "SWE"]
[SourceTitle "CBM 125 Extra"]
[Source "ChessBase"]
[SourceDate "2008.09.01"]
[SourceVersion "1"]
[SourceVersionDate "2008.09.01"]
[SourceQuality "1"]

1. d4 d5 2. c4 e6 3. Nc3 Be7 4. Nf3 Nf6 5. Bg5 h6 6. Bh4 0-0 7. e3 Ne4 8. Bxe7 Qxe7 9. Rc1 c6 10. Qc2 Nxc3 11. Qxc3 Nd7 12. Bd3 dxc4 13. Bxc4 b6 14. 0-0 Bb7 15. Rfd1 Rfd8 16. Be2 Rac8 17. b4 Nf6 18. Qb2 Nd5 19. a3 Ba8 1/2-1/2